Business law : text and cases /

Bibliographic Details
Main Author: Scaletta, Phillip J.
Other Authors: Cameron, George Dana, 1935-
Format: Book
Language:English
Published: Plano, Tex. : Business Publications, 1982.
Subjects:

MARC

Tag First Indicator Second Indicator Subfields
LEADER 00000cam a2200000 a 4500
001 in00000011764
005 20151007051705.0
008 820426s1982 txua 00100 eng
010 |a  81070516  
020 |a 0256024405 
035 |a (OCoLC)08391970 
035 |9 AAA4309AM 
040 |a DLC  |c DLC  |d m/c  |d TXA  |d UtOrBLW 
043 |a n-us--- 
049 |a TXAM  |c [A11461208] 
050 0 0 |a KF888  |b .S3 
082 0 |a 346.73/07  |a 347.3067  |2 19 
100 1 |a Scaletta, Phillip J. 
245 1 0 |a Business law :  |b text and cases /  |c Phillip J. Scaletta, Jr., George D. Cameron III. 
264 1 |a Plano, Tex. :  |b Business Publications,  |c 1982. 
300 |a xvi, 1077, 210 pages :  |b illustrations ;  |c 24 cm. 
336 |a text  |b txt  |2 rdacontent 
337 |a unmediated  |b n  |2 rdamedia 
338 |a volume  |b nc  |2 rdacarrier 
500 |a Includes index. 
650 0 |a Commercial law  |z United States  |v Cases. 
700 1 |a Cameron, George Dana,  |d 1935- 
999 |a MARS 
999 f f |s 35db50e5-b4e4-3012-adae-5fcfbf6692d9  |i 7b5945af-3d33-3338-b642-14f725960491  |t 0 
952 f f |p ric  |a Texas A&M University  |b Rellis Campus  |c Joint Library Facility  |d Remote Storage  |t 0  |e KF888 .S3  |h Library of Congress classification  |i unmediated -- volume  |m A14811461208 
998 f f |a KF888 .S3  |t 0  |l Remote Storage